Introduction to stochastic control theory

Guardat en:
Dades bibliogràfiques
Autor principal: Aström, Karl Johan (Autor)
Format: Llibre
Idioma:anglès
Publicat: Nueva York Academic Press 1970
Col·lecció:Mathematics in Science and Engineering, 70
Matèries:
Etiquetes: Afegir etiqueta
Sense etiquetes, Sigues el primer a etiquetar aquest registre!

MARC

LEADER 00000nam a2200000 a 4500
001 UCP1304
003 CL-VaPUC
008 990401e19700000US |||||||||||||||||eng|d
082 0 4 |a 519.28  |b AST  |2 21 
100 0 |a Aström, Karl Johan  |e author  |9 427278 
245 1 0 |a Introduction to stochastic control theory 
300 |a 299 p 
942 |c BK 
945 |d 19990401 00:00:00  |a crobeson 
260 |a Nueva York  |b Academic Press  |c 1970 
650 0 |a Procesos estocásticos   |9 260364 
650 0 |a Sistemas dinámicos   |9 260496 
650 0 |a Optimización matemática  |9 259780 
650 0 |a Control automático  |9 259890 
583 |a last modification  |c 20111011 02:50:34  |k Rodrigo Vera 
490 0 |a Mathematics in Science and Engineering, 70 
999 |c 279998  |d 279996 
952 |0 0  |1 0  |4 0  |6 519_280000000000000_AST_1970  |7 0  |8 A  |9 319951  |a BIBGIM  |b BIBGIM  |d 2019-11-20  |i 1334921  |o 519.28 AST 1970  |p 1334921  |r 2025-01-15  |w 2019-11-20  |y BK  |k EST 
952 |0 0  |1 0  |4 0  |6 519_280000000000000_AST_1970  |7 0  |8 A  |9 319952  |a BIBGIM  |b BIBGIM  |d 2019-11-20  |i 3499960  |o 519.28 AST 1970  |p 3499960  |r 2025-01-15  |w 2019-11-20  |y BK  |k EST